000 00649nam a2200217Ia 4500
003 OSt
005 20250819101429.0
008 220923b |||||||| |||| 00| 0 eng d
037 _cReference
040 _aRTL
_cRTL
_beng
041 _2eng
_aeng
084 _aB6 M3/SC
_qRTL
100 _aMesere, Bruce E.
_9316873
245 0 _aFundamental concepts of geometry
260 _aNew York
_bDover Publications inc.
_c1983
300 _aix, 321 p.
_bIncludes bibliographical reference and index
650 _a Geometry
_9818029
650 _aMathematics
_9818030
942 _hB6 M3/SC
_cREF
_2CC
_n0
999 _c623513
_d623513